| 000 | 00567cam a22002291 4500 | ||
|---|---|---|---|
| 001 | sa 67002155 | ||
| 003 | DLC | ||
| 005 | 20260227112328.0 | ||
| 008 | 941027s1966 ii ac 000 0 gujo | ||
| 010 | _asa 67002155 | ||
| 025 | _aPL480:I-Gu-761 | ||
| 035 | _a(OCoLC)31368316 | ||
| 040 |
_aDLC _cCU _dCU _dDLC |
||
| 042 | _apremarc | ||
| 050 | 0 | 0 |
_aQA106 _b.S44 |
| 100 | 1 |
_aShah, Dhirajlal Tokershi, _d1906- |
|
| 245 | 1 | 0 | _aGaṇitasiddhi. |
| 260 | _c[1966] | ||
| 300 |
_a8, 203 p. _billus., ports., _c19 cm. |
||
| 500 | _aIn Gujarati. | ||
| 650 | 0 | _aArithmetic. | |
| 999 |
_c73078 _d73078 |
||